[Event "Ct. Catalunya Veterans"]
[Site "?"]
[Date "2011.05.18"]
[Round "6"]
[White "Bayarri Ponsa, E."]
[Black "Lluverol Torrents, S."]
[Result "1/2-1/2"]
[WhiteElo "1905"]
[BlackElo "2025"]
[PlyCount "23"]
[EventDate "2011.??.??"]
[EventType "swiss"]

1. e4 c5 2. Nf3 Nc6 3. d4 cxd4 4. Nxd4 g6 5. Nc3 Bg7 6. Be3 Nf6 7. Be2 O-O 8.
O-O d5 9. exd5 Nb4 10. Qd2 Nbxd5 11. Nxd5 Nxd5 12. Bh6 1/2-1/2

[Event "Ct. Catalunya Veterans"]
[Site "?"]
[Date "2011.05.18"]
[Round "6"]
[White "Buxade Roca, G."]
[Black "Batalla Batalla, J."]
[Result "1-0"]
[WhiteElo "2173"]
[BlackElo "2111"]
[PlyCount "123"]
[EventDate "2011.??.??"]
[EventType "swiss"]

1. c4 c5 2. Nc3 e6 3. Nf3 Nf6 4. g3 b6 5. Bg2 Bb7 6. O-O Be7 7. b3 d6 8. Bb2
O-O 9. Qc2 Nbd7 10. a4 a6 11. e4 Qc7 12. Rfe1 Rac8 13. Re2 Ne5 14. Rae1 Nfd7
15. Nd1 Bf6 16. Nxe5 Bxe5 17. f4 Bxb2 18. Qxb2 e5 19. Ne3 Rce8 20. f5 a5 21. g4
f6 22. Bf3 g5 23. Rg2 Rf7 24. Kf2 Ree7 25. Rh1 Nf8 26. h4 h6 27. Nf1 Rh7 28.
Ng3 Ref7 29. Qc1 Qe7 30. Qg1 Nd7 31. Rh3 Nf8 32. Rgh2 Nd7 33. Nh5 Bc6 34. Qh1
Bb7 35. Ke2 Bc6 36. Ng3 Nf8 37. Ke3 Nd7 38. Ne2 Bb7 39. Ng1 Nf8 40. Be2 Nd7 41.
Nf3 Nf8 42. Qf1 Nd7 43. d3 Nf8 44. Qh1 Nd7 45. Ng1 Nf8 46. Bf3 Nd7 47. Ne2 Nf8
48. Ng3 Nd7 49. hxg5 hxg5 50. Rh6 Nf8 51. Rg6+ Rfg7 52. Rxh7 Nxh7 53. Rh6 Bc6
54. Nh5 Rf7 55. Rg6+ Kh8 56. Ng3 Rg7 57. Qh6 Kg8 58. Nh5 Rxg6 59. fxg6 Nf8 60.
Ng3 Bd7 61. Nf5 Bxf5 62. exf5 1-0

[Event "Ct. Catalunya Veterans"]
[Site "?"]
[Date "2011.05.18"]
[Round "6"]
[White "Garriga Nualart, J."]
[Black "Franquet Escriva, J."]
[Result "1-0"]
[WhiteElo "2329"]
[BlackElo "2109"]
[PlyCount "53"]
[EventDate "2011.??.??"]
[EventType "swiss"]

1. c4 Nf6 2. Nc3 e6 3. e4 d6 4. d4 e5 5. f4 exd4 6. Qxd4 Nc6 7. Qd1 g6 8. Nf3
Bg7 9. Bd3 O-O 10. O-O Re8 11. Re1 Bg4 12. h3 Bxf3 13. Qxf3 Nd4 14. Qf2 Nd7 15.
Be3 Ne6 16. Rad1 a6 17. Re2 Qc8 18. Nd5 Nf6 19. f5 gxf5 20. Qxf5 Nxd5 21. exd5
Nf8 22. Qg5 Qd8 23. Qg3 Ng6 24. Bg5 Qd7 25. Rde1 Rxe2 26. Rxe2 Re8 27. Bf5 1-0

[Event "Ct. Catalunya Veterans"]
[Site "?"]
[Date "2011.05.18"]
[Round "6"]
[White "Marchador Villalba, J."]
[Black "Bautista Sanchez, J."]
[Result "0-1"]
[WhiteElo "2109"]
[BlackElo "2180"]
[PlyCount "104"]
[EventDate "2011.??.??"]
[EventType "swiss"]

1. f4 Nf6 2. Nf3 g6 3. e3 Bg7 4. Be2 O-O 5. O-O d6 6. d3 Nc6 7. Nc3 e5 8. e4
Bg4 9. Ng5 Bxe2 10. Nxe2 exf4 11. Nxf4 h6 12. Nf3 Qe7 13. Bd2 Ne5 14. Nxe5 dxe5
15. Ne2 Qc5+ 16. Kh1 Ng4 17. Be1 f5 18. exf5 Rxf5 19. Rxf5 gxf5 20. Ng3 Rf8 21.
h3 Nf2+ 22. Bxf2 Qxf2 23. Qe1 Qd4 24. Nh5 Rf7 25. c3 Qd5 26. Qg3 Qc6 27. Rf1 f4
28. Qg4 Kh7 29. Rf3 Qg6 30. Qxg6+ Kxg6 31. Nxg7 Rxg7 32. g3 Kf5 33. Kg2 h5 34.
Kf2 c5 35. gxf4 exf4 36. a4 h4 37. b3 b6 38. Kf1 a6 39. Kf2 b5 40. axb5 axb5
41. d4 cxd4 42. cxd4 Ke4 43. Rc3 Kxd4 44. Rc8 Rg3 45. b4 Rb3 46. Rc5 Rxb4 47.
Rh5 Ke4 48. Rxh4 Rb2+ 49. Kg1 Kf3 50. Rg4 b4 51. Rg8 b3 52. h4 Rc2 0-1

[Event "Ct. Catalunya Veterans"]
[Site "?"]
[Date "2011.05.18"]
[Round "6"]
[White "Mas Recorda, P."]
[Black "Vilageliu Ceballos, JM."]
[Result "0-1"]
[WhiteElo "2074"]
[BlackElo "2047"]
[PlyCount "60"]
[EventDate "2011.??.??"]
[EventType "swiss"]

1. d4 Nf6 2. c4 e6 3. Nc3 c5 4. e3 d5 5. Nf3 Nc6 6. cxd5 exd5 7. dxc5 Bxc5 8.
Be2 O-O 9. O-O Bf5 10. a3 a6 11. b4 Bd6 12. Bb2 Rc8 13. Rc1 Bb8 14. Na4 Ne4 15.
Nc5 Nxc5 16. Rxc5 Be4 17. Qa1 Qd6 18. g3 f6 19. Rd1 Ba7 20. Rcc1 Qe7 21. Bd4
Nxd4 22. Nxd4 Qe5 23. Nb3 Bc2 24. Bg4 Bxd1 25. Rxd1 Qxa1 26. Be6+ Kh8 27. Nxa1
Rc3 28. a4 Rd8 29. Bxd5 f5 30. Nb3 g6 0-1

[Event "Ct. Catalunya Veterans"]
[Site "?"]
[Date "2011.05.18"]
[Round "6"]
[White "Monedero Gonzalez, J."]
[Black "Coll Enriquez, L."]
[Result "1-0"]
[WhiteElo "2091"]
[BlackElo "2182"]
[PlyCount "97"]
[EventDate "2011.??.??"]
[EventType "swiss"]

1. d4 Nf6 2. Nf3 b6 3. e3 Bb7 4. Bd3 d6 5. b3 g6 6. Bb2 Bg7 7. Nbd2 O-O 8. Qe2
Nbd7 9. c4 e5 10. d5 Qe7 11. e4 Nc5 12. Bc2 a5 13. a3 Bc8 14. b4 Na6 15. Bc3
axb4 16. axb4 Bd7 17. O-O Nh5 18. g3 Bg4 19. c5 dxc5 20. Rxa6 cxb4 21. Bb2 Qc5
22. Bb3 Bh6 23. Qd3 Bxd2 24. Nxd2 Rxa6 25. Qxa6 Qd6 26. Qd3 Bd7 27. Rc1 b5 28.
Qe3 Nf6 29. Qc5 Ne8 30. Nf3 f6 31. Ne1 Bg4 32. Qxd6 cxd6 33. f3 Bd7 34. Nd3 f5
35. Nxb4 fxe4 36. fxe4 Rf3 37. Rc3 Bg4 38. Kg2 Rf8 39. Re3 h5 40. h3 Bd7 41.
Nc6 Nf6 42. Ba3 Bxh3+ 43. Kxh3 Ng4 44. Re2 Rf3 45. Rb2 h4 46. Bxd6 Ne3 47. Nxe5
Rf1 48. Kh2 g5 49. Bc5 1-0

[Event "Ct. Catalunya Veterans"]
[Site "?"]
[Date "2011.05.18"]
[Round "6"]
[White "Montell Zabay, A."]
[Black "Tejero Royo, F."]
[Result "1/2-1/2"]
[WhiteElo "2074"]
[BlackElo "2101"]
[PlyCount "30"]
[EventDate "2011.??.??"]
[EventType "swiss"]

1. e4 e5 2. Nf3 Nc6 3. Bb5 a6 4. Ba4 d6 5. c3 g6 6. d4 Bd7 7. Bg5 f6 8. Be3 Bg7
9. Nbd2 Nge7 10. h4 Qc8 11. h5 Nd8 12. Bxd7+ Qxd7 13. Qb3 Qb5 14. O-O-O Qxb3
15. Nxb3 b6 1/2-1/2

[Event "Ct. Catalunya Veterans"]
[Site "?"]
[Date "2011.05.18"]
[Round "6"]
[White "Sanchez Esteban, E."]
[Black "Grau Brumos, I."]
[Result "0-1"]
[WhiteElo "1922"]
[BlackElo "2149"]
[PlyCount "194"]
[EventDate "2011.??.??"]
[EventType "swiss"]

1. d4 c5 2. dxc5 Nc6 3. Nf3 e6 4. a3 Bxc5 5. c4 Qc7 6. b4 Be7 7. Bb2 Bf6 8. Nc3
a6 9. e3 b6 10. Rb1 Nge7 11. Ne4 Bxb2 12. Nd6+ Kf8 13. Rxb2 f6 14. Rd2 Ra7 15.
b5 Na5 16. e4 Qc5 17. e5 Ng6 18. exf6 gxf6 19. Qa1 Ke7 20. Ne4 Qf5 21. Qd4 Nb3
22. Qd6+ Kf7 23. Bd3 Nxd2 24. Neg5+ fxg5 25. Bxf5 Nxf3+ 26. gxf3 exf5 27. O-O
Re8 28. Qxb6 Ra8 29. Rd1 axb5 30. Qc5 d6 31. Qxd6 bxc4 32. Qc7+ Kf6 33. Qxc4
Rxa3 34. Qc6+ Kf7 35. Qc7+ Kg8 36. Qc6 Kf7 37. Qc7+ Ne7 38. Re1 Ra8 39. Qc4+
Kg7 40. Qd4+ Kf7 41. Qc4+ Kf8 42. Qd4 Ng8 43. Qd6+ Re7 44. Qd8+ Kf7 45. Qd5+
Kf8 46. Qd8+ Kf7 47. Qd5+ Re6 48. Qxf5+ Nf6 49. Rxe6 Bxe6 50. Qb1 Rd8 51. Kg2
Rd5 52. h3 Bf5 53. Qb7+ Kg6 54. Qb3 Be6 55. Qc2+ Rf5 56. f4 Bd5+ 57. f3 gxf4
58. Kf2 Kg5 59. Qc7 Kg6 60. Qc2 Be6 61. Qb1 Nd5 62. Qe4 Kf6 63. Qd4+ Re5 64.
Qa7 Bf5 65. Qc5 Ne7 66. Qd4 Nd5 67. Qc5 Be6 68. Qf8+ Kg6 69. Qe8+ Kg7 70. Qb8
Re3 71. Qb7+ Kh6 72. h4 Nf6 73. Qb8 Nd5 74. Qf8+ Kg6 75. Qe8+ Bf7 76. h5+ Kf6
77. Qh8+ Ke7 78. Qxh7 Nf6 79. Qf5 Nxh5 80. Qg5+ Ke6 81. Qh6+ Kf5 82. Qh7+ Bg6
83. Qd7+ Kg5 84. Qd8+ Nf6 85. Qa5+ Bf5 86. Qb6 Re6 87. Qb8 Re8 88. Qb7 Rg8 89.
Qe7 Rg6 90. Qd8 Kh4 91. Qh8+ Nh5 92. Qd8+ Kh3 93. Qd1 Rg2+ 94. Kf1 Ng3+ 95. Ke1
Rg1+ 96. Kd2 Rxd1+ 97. Kxd1 Kg2 0-1

[Event "Ct. Catalunya Veterans"]
[Site "?"]
[Date "2011.05.18"]
[Round "6"]
[White "Simon Padros, E."]
[Black "Dominguez Rueda, J."]
[Result "1-0"]
[WhiteElo "2281"]
[BlackElo "2120"]
[PlyCount "51"]
[EventDate "2011.??.??"]
[EventType "swiss"]

1. e4 e5 2. Nf3 Nc6 3. Bb5 a6 4. Ba4 Nf6 5. d3 d6 6. c3 Be7 7. Nbd2 O-O 8. Nf1
b5 9. Bb3 Na5 10. Bc2 c5 11. Ng3 g6 12. O-O Ne8 13. d4 Qc7 14. h3 Ng7 15. Bh6
Bb7 16. b3 Nc6 17. d5 Nb8 18. Nh2 Nd7 19. Ng4 Nf6 20. f4 Nxg4 21. Qxg4 Bf6 22.
f5 Bc8 23. Qf3 gxf5 24. Nxf5 Rd8 25. Ne3 Qe7 26. Qg3 1-0

[Event "Ct. Catalunya Veterans"]
[Site "?"]
[Date "2011.05.19"]
[Round "7"]
[White "Batalla Batalla, J."]
[Black "Morales Jodar, R."]
[Result "1-0"]
[WhiteElo "2111"]
[BlackElo "1839"]
[PlyCount "99"]
[EventDate "2011.??.??"]
[EventType "swiss"]

1. e4 c6 2. Nc3 e5 3. Nf3 Qc7 4. d4 exd4 5. Nxd4 Nf6 6. Be2 d5 7. exd5 Nxd5 8.
Nxd5 cxd5 9. O-O a6 10. Bf3 Be7 11. Bxd5 O-O 12. Qf3 Bd6 13. h3 Nd7 14. Re1 Ne5
15. Qb3 Nc6 16. Nxc6 bxc6 17. Bf3 Rb8 18. Qc4 c5 19. c3 a5 20. b3 Bb7 21. Bxb7
Qxb7 22. Bf4 Bxf4 23. Qxf4 Qc6 24. Re7 Rbd8 25. Rae1 Rde8 26. Qe4 Qxe4 27.
R1xe4 Rxe7 28. Rxe7 Rc8 29. Ra7 c4 30. Rxa5 cxb3 31. axb3 g6 32. c4 Rc7 33. Kf1
Kf8 34. Ke2 Ke7 35. Kd3 Ke6 36. b4 Rd7+ 37. Kc3 Rd1 38. Ra2 Rc1+ 39. Rc2 Rg1
40. f3 Kd6 41. c5+ Kd5 42. Rd2+ Kc6 43. Rd6+ Kb5 44. Rb6+ Ka4 45. Kc4 Rc1+ 46.
Kd5 Rd1+ 47. Kc6 Rd2 48. Kc7 Rxg2 49. Kb7 Re2 50. c6 1-0

[Event "Ct. Catalunya Veterans"]
[Site "?"]
[Date "2011.05.19"]
[Round "7"]
[White "Bautista Sanchez, J."]
[Black "Garriga Nualart, J."]
[Result "0-1"]
[WhiteElo "2180"]
[BlackElo "2329"]
[PlyCount "132"]
[EventDate "2011.??.??"]
[EventType "swiss"]

1. Nf3 Nf6 2. c4 c5 3. Nc3 Nc6 4. g3 e5 5. Bg2 g6 6. d3 Bg7 7. Bg5 h6 8. Be3 d6
9. Qc1 Ne7 10. O-O Nf5 11. Bd2 O-O 12. a3 Kh7 13. b4 Re8 14. Rb1 Nd4 15. Re1
Rb8 16. Nxd4 cxd4 17. Nd5 b6 18. Nxf6+ Qxf6 19. b5 Bb7 20. Bxb7 Rxb7 21. e3
dxe3 22. Bxe3 Rc7 23. Qd1 Qe6 24. a4 d5 25. cxd5 Qxd5 26. Qb3 Rd8 27. Qxd5 Rxd5
28. Rb3 Bf8 29. Kf1 f5 30. Ra1 Rcd7 31. Ke2 Bc5 32. a5 Bxe3 33. fxe3 Rc5 34.
axb6 axb6 35. Kd2 Rdc7 36. Rb2 Kg7 37. Ra6 Rb7 38. d4 exd4 39. exd4 Rd5 40. Rb4
Kf6 41. Kd3 g5 42. Ra8 Rbd7 43. Rh8 Kg6 44. Rc8 Kh5 45. Rc6 Rb7 46. Kc4 Rbd7
47. Kd3 Rb7 48. h3 g4 49. h4 Rb8 50. Rf6 Rb7 51. Kc4 Rbd7 52. Kd3 Rb7 53. Kc3
Rb8 54. Rc4 f4 55. Rcc6 Rh8 56. Kc4 fxg3 57. Kxd5 g2 58. Rc1 Kxh4 59. Rg1 Kg3
60. Re6 Kf2 61. Ree1 h5 62. Ra1 h4 63. Ke4 h3 64. Kf4 Rf8+ 65. Kg5 h2 66. Rgb1
g1=Q 0-1

[Event "Ct. Catalunya Veterans"]
[Site "?"]
[Date "2011.05.19"]
[Round "7"]
[White "Capelles Prat, R."]
[Black "Marchador Villalba, J."]
[Result "0-1"]
[WhiteElo "1983"]
[BlackElo "2109"]
[PlyCount "74"]
[EventDate "2011.??.??"]
[EventType "swiss"]

1. d4 Nf6 2. c4 e6 3. Nc3 c5 4. Nf3 cxd4 5. Nxd4 a6 6. e3 Nc6 7. a3 d6 8. g3
Be7 9. Bg2 Bd7 10. O-O O-O 11. b4 Qc7 12. Nf3 Rac8 13. Bb2 Rfd8 14. Qe2 Na7 15.
Nd2 b5 16. cxb5 Nxb5 17. Rfc1 Qb8 18. Nce4 Nxe4 19. Bxe4 d5 20. Bg2 Qa7 21. Nf3
Nd6 22. Bd4 Qa8 23. Ne5 Be8 24. Bb6 Rxc1+ 25. Rxc1 Rc8 26. Rxc8 Qxc8 27. Bc5
Bb5 28. Qf3 f6 29. Ng4 Ne4 30. Qd1 Nxc5 31. bxc5 h5 32. Nxf6+ gxf6 33. Qxh5
Qxc5 34. h4 Qc2 35. Qg4+ Kf7 36. Bh3 Qf5 37. Qh5+ Qxh5 0-1

[Event "Ct. Catalunya Veterans"]
[Site "?"]
[Date "2011.05.19"]
[Round "7"]
[White "Coll Enriquez, L."]
[Black "Buxade Roca, G."]
[Result "0-1"]
[WhiteElo "2182"]
[BlackElo "2173"]
[PlyCount "51"]
[EventDate "2011.??.??"]
[EventType "swiss"]

1. e4 c5 2. Nc3 Nc6 3. g3 g6 4. Bg2 Bg7 5. d3 Rb8 6. Be3 b5 7. Qd2 b4 8. Nd1 d6
9. h3 e6 10. Ne2 Nge7 11. O-O O-O 12. g4 f5 13. exf5 exf5 14. g5 Be6 15. Nf4
Bf7 16. c3 Qa5 17. c4 Nd4 18. Bxd4 Bxd4 19. Ne3 Qd8 20. h4 Qd7 21. Rad1 Be5 22.
Ned5 Nxd5 23. Bxd5 Bxd5 24. Nxd5 f4 25. f3 Qh3 26. Qg2 0-1

[Event "Ct. Catalunya Veterans"]
[Site "?"]
[Date "2011.05.19"]
[Round "7"]
[White "Franquet Escriva, J."]
[Black "Gorgues Valle, JM."]
[Result "1-0"]
[WhiteElo "2109"]
[BlackElo "1810"]
[PlyCount "71"]
[EventDate "2011.??.??"]
[EventType "swiss"]

1. e4 Nf6 2. e5 Nd5 3. d4 d6 4. Nf3 g6 5. Be2 Bg7 6. O-O O-O 7. c4 Nb6 8. Nc3
dxe5 9. Nxe5 c6 10. Be3 N8d7 11. Nf3 Nf6 12. h3 Be6 13. b3 Qc8 14. Qd2 Bf5 15.
Rfe1 Ne4 16. Nxe4 Bxe4 17. Bh6 Bxf3 18. Bxf3 e6 19. Bxg7 Kxg7 20. a4 Nd7 21. d5
exd5 22. cxd5 cxd5 23. Qxd5 Nf6 24. Qb5 Rb8 25. Rac1 a6 26. Qb4 Qd8 27. Red1
Qe8 28. Qb6 Qe5 29. Rc7 Rfd8 30. Rxd8 Qe1+ 31. Kh2 Qe5+ 32. g3 Rxd8 33. Qxb7
Qe6 34. Re7 Rd7 35. Rxe6 Rxb7 36. Rxf6 1-0

[Event "Ct. Catalunya Veterans"]
[Site "?"]
[Date "2011.05.19"]
[Round "7"]
[White "Grau Brumos, I."]
[Black "Anguera Maestro, J."]
[Result "0-1"]
[WhiteElo "2149"]
[BlackElo "2148"]
[PlyCount "95"]
[EventDate "2011.??.??"]
[EventType "swiss"]

1. d4 d5 2. e3 Nf6 3. Bd3 c6 4. Nd2 g6 5. b3 Bg7 6. Bb2 b6 7. Ngf3 Bb7 8. Ne5
Nbd7 9. Nxd7 Qxd7 10. Qe2 Rc8 11. f4 c5 12. dxc5 bxc5 13. Nf3 O-O 14. O-O Qc7
15. Be5 Qb6 16. a4 a5 17. Nd2 Nd7 18. Bxg7 Kxg7 19. Nf3 f6 20. Bb5 Bc6 21. Bxc6
Rxc6 22. Qb5 Rb8 23. Qd3 Rd6 24. Kh1 Qb4 25. Qd2 Qxd2 26. Nxd2 e5 27. e4 d4 28.
Nc4 Ra6 29. g3 Nb6 30. Na3 Nc8 31. fxe5 fxe5 32. Nc4 Nd6 33. Nxe5 Re8 34. Nd3
Nxe4 35. Kg2 Rc6 36. Nb2 Nc3 37. Rae1 Rce6 38. Nd3 Nd5 39. Rxe6 Rxe6 40. Rf2
Ne3+ 41. Kh3 Rc6 42. Ne5 Re6 43. Ng4 Nf5 44. Rd2 h5 45. Nf2 Ne3 46. Re2 g5 47.
g4 Rf6 48. Ne4 0-1

[Event "Ct. Catalunya Veterans"]
[Site "?"]
[Date "2011.05.19"]
[Round "7"]
[White "Lluverol Torrents, S."]
[Black "Dominguez Rueda, J."]
[Result "0-1"]
[WhiteElo "2025"]
[BlackElo "2120"]
[PlyCount "82"]
[EventDate "2011.??.??"]
[EventType "swiss"]

1. d4 Nf6 2. c4 e6 3. Nc3 Bb4 4. Qc2 Nc6 5. Nf3 d6 6. Bd2 e5 7. dxe5 dxe5 8. e3
O-O 9. Rd1 Qe7 10. Nd5 Nxd5 11. cxd5 Bxd2+ 12. Qxd2 e4 13. dxc6 exf3 14. gxf3
Qf6 15. Rg1 Qxc6 16. Rg3 Be6 17. b3 a5 18. Bh3 a4 19. Rc1 Qa6 20. Qc3 g6 21.
Bxe6 Qxe6 22. Qc4 axb3 23. Qxe6 fxe6 24. axb3 c6 25. Rc2 Ra1+ 26. Kd2 Rh1 27.
Rh3 Rf5 28. Ra2 Rb5 29. Kc3 Kg7 30. Rh4 g5 31. Re4 Kf6 32. h4 Rxh4 33. Ra8 Rxe4
34. fxe4 g4 35. Rh8 h5 36. Rh6+ Kg5 37. Rxe6 h4 38. Re8 h3 39. e5 Kf5 40. Rh8
Rxe5 41. f3 Rxe3+ 0-1

[Event "Ct. Catalunya Veterans"]
[Site "?"]
[Date "2011.05.19"]
[Round "7"]
[White "Monedero Gonzalez, J."]
[Black "Simon Padros, E."]
[Result "1/2-1/2"]
[WhiteElo "2091"]
[BlackElo "2281"]
[PlyCount "28"]
[EventDate "2011.??.??"]
[EventType "swiss"]

1. d4 e6 2. Nf3 f5 3. e4 fxe4 4. Ng5 Nf6 5. f3 c5 6. fxe4 cxd4 7. Bd3 Nc6 8.
O-O Ne5 9. Bf4 Bd6 10. Na3 O-O 11. Nb5 Bb8 12. Kh1 Qb6 13. c3 dxc3 14. bxc3 h6
1/2-1/2

[Event "Ct. Catalunya Veterans"]
[Site "?"]
[Date "2011.05.19"]
[Round "7"]
[White "Tejero Royo, F."]
[Black "Bayarri Ponsa, E."]
[Result "1-0"]
[WhiteElo "2101"]
[BlackElo "1905"]
[PlyCount "54"]
[EventDate "2011.??.??"]
[EventType "swiss"]

1. d4 d5 2. Nf3 c6 3. g3 Nf6 4. Bg2 Bg4 5. O-O e6 6. c4 Nbd7 7. b3 Bd6 8. Bb2
O-O 9. Nc3 Re8 10. Re1 Bb4 11. a3 Bxc3 12. Bxc3 Ne4 13. Bb2 Qf6 14. Rf1 Bxf3
15. exf3 Nd6 16. c5 Nc8 17. Qd2 Qf5 18. f4 Ne7 19. Rfe1 Ng6 20. Bf1 f6 21. Bd3
Qg4 22. f3 Qxf3 23. Be2 Qxb3 24. Bc3 b5 25. a4 a6 26. Reb1 bxa4 27. Rxb3 axb3
1-0

[Event "Ct. Catalunya Veterans"]
[Site "?"]
[Date "2011.05.19"]
[Round "7"]
[White "Vilageliu Ceballos, JM."]
[Black "Montell Zabay, A."]
[Result "1-0"]
[WhiteElo "2047"]
[BlackElo "2074"]
[PlyCount "75"]
[EventDate "2011.??.??"]
[EventType "swiss"]

1. c4 Nf6 2. Nc3 g6 3. Nf3 Bg7 4. g3 d6 5. d4 O-O 6. Bg2 c5 7. O-O Nc6 8. d5
Na5 9. Nd2 a6 10. a3 Qc7 11. e4 Rb8 12. Qc2 b5 13. Qd3 Ng4 14. cxb5 c4 15. Qe2
axb5 16. Nf3 Nb3 17. Rb1 f5 18. Bf4 fxe4 19. Nxe4 h6 20. h3 g5 21. Bd2 Ne5 22.
Nxe5 Nd4 23. Qh5 dxe5 24. h4 g4 25. Bxh6 Rb6 26. Bxg7 Kxg7 27. Qg5+ Rg6 28. Qd2
Qd7 29. Ng5 Nf3+ 30. Bxf3 gxf3 31. Qe3 Qg4 32. Qxe5+ Kg8 33. Qxe7 Rf7 34. Qe3
Rf5 35. Rfe1 Rgxg5 36. hxg5 Rf7 37. Qe8+ Kg7 38. Re7 1-0

[Event "Ct. Catalunya Veterans"]
[Site "?"]
[Date "2011.05.20"]
[Round "8"]
[White "Anguera Maestro, J."]
[Black "Coll Enriquez, L."]
[Result "0-1"]
[WhiteElo "2148"]
[BlackElo "2182"]
[PlyCount "126"]
[EventDate "2011.??.??"]
[EventType "swiss"]

1. d4 Nf6 2. Nf3 e6 3. Bf4 b6 4. Nbd2 Bb7 5. e3 Be7 6. Bd3 c5 7. c3 O-O 8. h3
Ba6 9. c4 cxd4 10. exd4 d5 11. b3 dxc4 12. bxc4 Nc6 13. Be3 Rc8 14. O-O Re8 15.
Qe2 Nb4 16. Ne5 Nxd3 17. Qxd3 Nd5 18. Qb3 Nxe3 19. fxe3 f6 20. Nef3 Qd6 21.
Rac1 Qb4 22. Rc2 Rc7 23. Rfc1 Rec8 24. c5 Qxb3 25. Nxb3 Bb7 26. Nfd2 f5 27. Rc3
Bd5 28. Kf2 g5 29. g3 h5 30. e4 fxe4 31. Ke3 g4 32. h4 Bf8 33. Nxe4 Bh6+ 34.
Ng5 Kg7 35. Kf4 Kg6 36. Ke5 Bg7+ 37. Kf4 Bh6 38. Ke5 Bg7+ 39. Kf4 Rf8+ 40. Ke3
Bh6 41. Nd2 Bxg5+ 42. hxg5 Kxg5 43. cxb6 Rxc3+ 44. Rxc3 axb6 45. Rc7 Ra8 46.
Ne4+ Kg6 47. Nc3 Ra3 48. Kf4 Bxa2 49. Nxa2 Rxa2 50. Rc6 Rf2+ 51. Ke4 Re2+ 52.
Kd3 Rf2 53. Rxe6+ Kg5 54. d5 Rf3+ 55. Kc4 b5+ 56. Kc5 Rc3+ 57. Kxb5 Rxg3 58.
Kc4 Rg1 59. Re5+ Kh4 60. Re3 g3 61. d6 Rc1+ 62. Kd4 Rc8 63. Ke4 g2 0-1

[Event "Ct. Catalunya Veterans"]
[Site "?"]
[Date "2011.05.20"]
[Round "8"]
[White "Bautista Sanchez, J."]
[Black "Vilageliu Ceballos, JM."]
[Result "1/2-1/2"]
[WhiteElo "2180"]
[BlackElo "2047"]
[PlyCount "115"]
[EventDate "2011.??.??"]
[EventType "swiss"]

1. Nf3 Nf6 2. c4 g6 3. Nc3 Bg7 4. g3 O-O 5. Bg2 d6 6. O-O c5 7. d4 Nc6 8. d5
Na5 9. Qd3 a6 10. Bd2 Rb8 11. Rab1 Qc7 12. b3 Bf5 13. e4 Bd7 14. Ng5 b5 15. f4
bxc4 16. bxc4 Rb4 17. e5 dxe5 18. fxe5 Ng4 19. d6 exd6 20. exd6 Qb8 21. Nce4
Bd4+ 22. Kh1 Rxb1 23. Rxb1 Qd8 24. h3 Ne5 25. Qf1 Nexc4 26. Bxa5 Nxa5 27. Qxa6
f5 28. Nd2 f4 29. Ngf3 fxg3 30. Nxd4 cxd4 31. Rb6 Qg5 32. Qd3 Qe3 33. Qxe3 dxe3
34. Ne4 e2 35. Rb1 Nc6 36. Nxg3 Nd4 37. Bd5+ Kh8 38. Kg2 Bb5 39. Rc1 Nc2 40.
Nxe2 Ne3+ 41. Kh2 Nxd5 42. Rc5 Bxe2 43. Rxd5 Bf3 44. Rd2 Rd8 45. Kg3 Bc6 46.
Kf4 Kg7 47. Ke5 Kf7 48. Rc2 Re8+ 49. Kd4 Ke6 50. Rxc6 Ra8 51. Rc7 Kxd6 52. Rxh7
Rxa2 53. Rg7 Rg2 54. h4 Ke6 55. h5 Rg4+ 56. Ke3 gxh5 57. Rxg4 hxg4 58. Kf4
1/2-1/2

[Event "Ct. Catalunya Veterans"]
[Site "?"]
[Date "2011.05.20"]
[Round "8"]
[White "Buxade Roca, G."]
[Black "Simon Padros, E."]
[Result "1/2-1/2"]
[WhiteElo "2173"]
[BlackElo "2281"]
[PlyCount "20"]
[EventDate "2011.??.??"]
[EventType "swiss"]

1. e4 e6 2. Qe2 Be7 3. g3 d5 4. Nc3 Nf6 5. Bg2 O-O 6. d3 c5 7. Bg5 d4 8. Nd1
Nc6 9. e5 Nd5 10. Bxe7 Ncxe7 1/2-1/2

[Event "Ct. Catalunya Veterans"]
[Site "?"]
[Date "2011.05.20"]
[Round "8"]
[White "Duch Mansion, J."]
[Black "Montell Zabay, A."]
[Result "1-0"]
[WhiteElo "1946"]
[BlackElo "2074"]
[PlyCount "57"]
[EventDate "2011.??.??"]
[EventType "swiss"]

1. d4 Nf6 2. c4 c5 3. d5 e6 4. Nc3 exd5 5. cxd5 d6 6. e4 g6 7. Be3 Bg7 8. f3
O-O 9. Bd3 Na6 10. Rc1 Nc7 11. Nge2 Re8 12. Qd2 Rb8 13. O-O Qe7 14. Bh6 b5 15.
Bxg7 Kxg7 16. Nf4 Nd7 17. b3 Qf6 18. Bb1 h5 19. Nfe2 b4 20. Nd1 Ba6 21. Re1
Bxe2 22. Rxe2 Nb5 23. Rf2 Nd4 24. Ne3 Ne5 25. Rcf1 Qe7 26. f4 Nd7 27. f5 Qg5
28. fxg6 Qxg6 29. e5 1-0

[Event "Ct. Catalunya Veterans"]
[Site "?"]
[Date "2011.05.20"]
[Round "8"]
[White "Duran Vallverdu, J."]
[Black "Monteagudo Aguilera, M."]
[Result "1-0"]
[WhiteElo "1984"]
[BlackElo "1783"]
[PlyCount "65"]
[EventDate "2011.??.??"]
[EventType "swiss"]

1. e4 Nf6 2. e5 Nd5 3. d4 e6 4. c4 Nb6 5. Nc3 d6 6. f4 dxe5 7. fxe5 c5 8. Nf3
cxd4 9. Qxd4 Qxd4 10. Nxd4 a6 11. Be3 N8d7 12. O-O-O Nxe5 13. Nxe6 Bxe6 14.
Bxb6 Be7 15. Nd5 Bg5+ 16. Kc2 Bf5+ 17. Kb3 O-O 18. h4 Bf6 19. Be2 Rac8 20. Rhf1
Bg4 21. Nxf6+ gxf6 22. Bxg4 Nxg4 23. Rd4 Ne5 24. Rxf6 Rfe8 25. Ba5 Nc6 26. Rg4+
Kf8 27. Bc3 Re6 28. Rxe6 fxe6 29. Rg7 Na5+ 30. Kc2 Rxc4 31. Rxh7 b5 32. b3 Rc6
33. Kb2 1-0

[Event "Ct. Catalunya Veterans"]
[Site "?"]
[Date "2011.05.20"]
[Round "8"]
[White "Garriga Nualart, J."]
[Black "Monedero Gonzalez, J."]
[Result "1/2-1/2"]
[WhiteElo "2329"]
[BlackElo "2091"]
[PlyCount "66"]
[EventDate "2011.??.??"]
[EventType "swiss"]

1. c4 e5 2. Nc3 d6 3. Nf3 Nc6 4. d4 Bg4 5. d5 Bxf3 6. gxf3 Nce7 7. f4 Ng6 8. f5
N6e7 9. e4 c6 10. Be3 Nf6 11. Be2 g6 12. fxg6 hxg6 13. Qd2 c5 14. h4 a6 15.
O-O-O Qa5 16. f4 O-O-O 17. fxe5 dxe5 18. Rdf1 Rd6 19. Bg5 Bg7 20. h5 gxh5 21.
Bxh5 Nxh5 22. Rxf7 Rg6 23. Rxe7 Rxg5 24. d6 Bh6 25. Qd5 Qb6 26. Kb1 Kb8 27. Qf7
Rhg8 28. Re8+ Rxe8 29. Qxe8+ Ka7 30. d7 Nf6 31. d8=Q Nxe8 32. Qxb6+ Kxb6 33.
Rxh6+ Kc7 1/2-1/2

[Event "Ct. Catalunya Veterans"]
[Site "?"]
[Date "2011.05.20"]
[Round "8"]
[White "Marchador Villalba, J."]
[Black "Batalla Batalla, J."]
[Result "1-0"]
[WhiteElo "2109"]
[BlackElo "2111"]
[PlyCount "73"]
[EventDate "2011.??.??"]
[EventType "swiss"]

1. d4 Nf6 2. Bg5 Ne4 3. Bh4 c5 4. f3 Nd6 5. d5 Qb6 6. e4 f5 7. Bg3 fxe4 8. Bxd6
Qxd6 9. fxe4 e5 10. Nc3 a6 11. a4 b6 12. g3 Be7 13. Qh5+ g6 14. Qh6 Qf6 15. d6
Bf8 16. Qe3 Bb7 17. Bc4 h5 18. Nf3 Bh6 19. Qe2 Qxd6 20. Rd1 Qe7 21. O-O Rf8 22.
Nh4 Qg5 23. Rxf8+ Kxf8 24. Qf3+ Ke8 25. Ng2 Qe7 26. Rf1 Nc6 27. Bf7+ Kd8 28.
Bxg6 Nd4 29. Qd3 b5 30. Bxh5 b4 31. Ne2 d5 32. Nxd4 exd4 33. exd5 Bxd5 34. Bf3
Bxf3 35. Qxf3 Ra7 36. Qd5+ Ke8 37. Qg8+ 1-0

[Event "Ct. Catalunya Veterans"]
[Site "?"]
[Date "2011.05.20"]
[Round "8"]
[White "Mas Recorda, P."]
[Black "Grau Brumos, I."]
[Result "0-1"]
[WhiteElo "2074"]
[BlackElo "2149"]
[PlyCount "73"]
[EventDate "2011.??.??"]
[EventType "swiss"]

1. d4 f5 2. c4 Nf6 3. Nf3 e6 4. Nc3 Be7 5. Qc2 d6 6. e4 fxe4 7. Nxe4 Nc6 8.
Nxf6+ Bxf6 9. Be3 d5 10. Rd1 Qd6 11. a3 Bd7 12. c5 Qe7 13. b4 a6 14. Be2 O-O
15. O-O g6 16. Qb3 b5 17. Rfe1 Qg7 18. Qd3 g5 19. Qd2 Kh8 20. Bxg5 Nxd4 21. Bh6
Nxf3+ 22. Bxf3 Qf7 23. Bxf8 Rxf8 24. Bg4 Qg7 25. Qe2 Bd4 26. Rf1 Rg8 27. Bf3 c6
28. g3 e5 29. Qd2 Rf8 30. Bg2 Bg4 31. Rc1 e4 32. Rc2 Rf5 33. Kh1 Qf6 34. Kg1
Kg8 35. Qe1 Qe5 36. h3 Bxh3 37. Kh2 0-1